000 00439nam a2200181Ia 4500
008 230524s9999 xx 000 0 und d
020 _a8125916075
082 _a174.4
_bSHE
100 _aK.C.Shekhar
245 0 _a"Banking Theory and Practice, "
250 _a19TH
260 _aNEW DELHI
_bVikas
_c2008
300 _aXVIII;601
500 _aQuantity Number: 2
650 _aManagement
700 _a Lekshmy Shekhar
942 _cBK
999 _c45493
_d45493